000 00451nab a2200145Ia 4500
003 ES-SlBCS
005 20210601144511.0
008 140529s1959 xxu||||| |||| 00| 0 spa d
041 _aspa
100 1 _aMaíllo, Adolfo
_925256
245 0 0 _aPeriodización del trabajo escolar. Almanaque y horario
_c Adolfo Maíllo
650 0 4 _aTrabajo Escolar
_9208925
773 0 _tRevista de Educacion
_gvol. 35, nº. 101, 1959, págs. 57-69
_wRev360
942 _cAR
999 _c709549
_d709549